| 000 | 00485nam a2200193Ia 4500 | ||
|---|---|---|---|
| 005 | 20260429111853.0 | ||
| 008 | 260429s9999||||xx |||||||||||||| ||und|| | ||
| 020 | _a9780470646212 | ||
| 041 | _aEnglish | ||
| 082 |
_a579 _bBLA |
||
| 100 | _aBlack, Jacquelyn G. | ||
| 245 | 0 |
_aMicrobiology / _cJacquelyn G. Black |
|
| 250 | _a8th ed. | ||
| 260 |
_aSingapore : _bWiley, _c2013. |
||
| 300 | _axx, 747 p.; pbk | ||
| 650 | _aMicrobiology | ||
| 700 | _a Black, Laura J. | ||
| 942 | _cTB | ||
| 999 |
_c51213 _d51213 |
||